| 000 | 01158nam a2200301 a 4500 | ||
|---|---|---|---|
| 001 | 50107 | ||
| 003 | BD-RjUL | ||
| 005 | 20211209075447.0 | ||
| 008 | 160823s1997 hiu b 001 0 eng | ||
| 020 | _a0824818466 (acidfree paper) | ||
| 035 | _a(BD-RjUL)50227 | ||
| 040 |
_aDLC _cDLC _dDLC _dBD-RjUL _beng |
||
| 041 | 1 |
_aeng _hjpn |
|
| 082 | 0 | 0 |
_a370.952 _223 _bYUP 1997 |
| 100 | 1 |
_aMotoyama, Yukihiko, _d1924- _9150161 |
|
| 245 | 1 | 0 |
_aProliferating talent : _bessays on politics, thought, and education in the Meiji era / _cMotoyama Yukihiko ; edited by J.S.A. Elisonas and Richard Rubinger. |
| 260 |
_aHonolulu, Hawaii : _bUniversity of Hawai'i Press, _cc1997. |
||
| 300 |
_axii, 475 p. ; _c24 cm. |
||
| 504 | _aIncludes bibliographical references (p. 399-437) and index. | ||
| 650 | 0 |
_aEducation _zJapan _xHistory _y1868- _9150162 |
|
| 650 | 0 |
_aEducation _xPolitical aspects _zJapan. _9150163 |
|
| 650 | 0 |
_aEducation and state _zJapan. _9150164 |
|
| 651 | 0 |
_aJapan _xIntellectual life _y1868-1912. _9150165 |
|
| 700 | 1 |
_aElisonas, J. S. A., _d1937- _9150166 |
|
| 700 | 1 |
_aRubinger, Richard, _d1943- _9150167 |
|
| 942 |
_2ddc _cBK |
||
| 999 |
_c50107 _d50107 |
||